ARRUPE JESUIT UNIVERSITY

CORONAVIRUS -STOP THE SPREAD - CLEAN,DISINFECT,COVER

Go-betweens for Hitler / (Record no. 131578)

MARC details
000 -LEADER
fixed length control field 05029cam a2200865 i 4500
001 - CONTROL NUMBER
control field 18413273
003 - CONTROL NUMBER IDENTIFIER
control field ARRUPE
005 - DATE AND TIME OF LATEST TRANSACTION
control field 20221128114328.0
008 - FIXED-LENGTH DATA ELEMENTS--GENERAL INFORMATION
fixed length control field 141222t2015 uk c e b 001 0deng d
010 ## - LIBRARY OF CONGRESS CONTROL NUMBER
LC control number 2014959993
015 ## - NATIONAL BIBLIOGRAPHY NUMBER
National bibliography number GBB556950
Source bnb
020 ## - INTERNATIONAL STANDARD BOOK NUMBER
International Standard Book Number 9780198703662
Qualifying information (hardback)
020 ## - INTERNATIONAL STANDARD BOOK NUMBER
International Standard Book Number 019870366X
Qualifying information (hardback)
028 ## - PUBLISHER NUMBER
Source Arrupe
035 ## - SYSTEM CONTROL NUMBER
System control number (OCoLC)ocn915513904
040 ## - CATALOGING SOURCE
Original cataloging agency AU@
Language of cataloging eng
Transcribing agency AU@
Description conventions rda
Modifying agency OCLCO
-- BTCTA
-- BDX
-- YDXCP
-- OCLCF
-- OCLCO
-- AMH
-- OCLCO
-- AZT
-- NLE
-- LTSCA
-- OCL
-- AUM
-- OCLCO
-- ZCU
-- ORU
-- VP@
-- OCLCQ
-- S3O
-- OCLCO
-- OCL
-- OCLCO
-- LHM
-- OCLCO
-- IPS
-- OCL
-- OCLCO
-- CHVBK
-- OCLCO
-- CRSBY
-- OCLCO
-- BKL
-- DLC
042 ## - AUTHENTICATION CODE
Authentication code lccopycat
043 ## - GEOGRAPHIC AREA CODE
Geographic area code e-gx---
050 00 - LIBRARY OF CONGRESS CALL NUMBER
Classification number D748
Item number .U73 2015
082 00 - DEWEY DECIMAL CLASSIFICATION NUMBER
Classification number 943.086092/2
Edition number 23
300 ## - PHYSICAL DESCRIPTION
Other physical details portraits ;
Dimensions 25 cm
100 1# - MAIN ENTRY--PERSONAL NAME
Personal name Urbach, Karina,
Relator term author.
9 (RLIN) 51991
245 10 - TITLE STATEMENT
Title Go-betweens for Hitler /
Statement of responsibility, etc Karina Urbach.
250 ## - EDITION STATEMENT
Edition statement First edition.
300 ## - PHYSICAL DESCRIPTION
Extent viii, 389 pages :
504 ## - BIBLIOGRAPHY, ETC. NOTE
Bibliography, etc Includes bibliographical references (pages 357-371) and index.
505 0# - FORMATTED CONTENTS NOTE
Formatted contents note part 1. Go-betweens before Hitler. What are go-betweens? ; Go-betweens in the Great War ; Bolshevism : the fear that binds -- part 2. Hitler's go-betweens. Approaching the appeasers : the Duke of Coburg ; Horthy, Hitler, and Lord Rothermere : Princess Stephanie Hohenlohe ; Munich to Marbella : Prince Max Egon zu Hohenlohe-Langenburg -- Conclusion : did go-betweens make a difference?
520 ## - SUMMARY, ETC.
Summary, etc This is the untold story of how some of Germany's top aristocrats contributed to Hitler's secret diplomacy during the Third Reich, providing a direct line to their influential contacts and relations across Europe, especially in Britain, where their contacts included the press baron and Daily Mail owner Lord Rothermere and the future King Edward VIII. Using previously unexplored sources from Britain, Germany, the Netherlands, the Czech Republic, and the USA, this book unravels the story of top-level go-betweens such as the Duke of Coburg, grandson of Queen Victoria, and the seductive Stephanie von Hohenlohe, who rose from a life of poverty in Vienna to become a princess and an intimate of Adolf Hitler. As Urbach shows, Coburg and other senior aristocrats were tasked with some of Germany's most secret foreign policy missions from the First World War onwards, culminating in their role as Hitler's trusted go-betweens, as he readied Germany for conflict during the 1930s and later, in the Second World War. Tracing what became of these high-level go-betweens in the years after the Nazi collapse in 1945, from prominent media careers to sunny retirements in Marbella, the book concludes with an assessment of their overall significance in the foreign policy of the Third Reich.
600 10 - SUBJECT ADDED ENTRY--PERSONAL NAME
Personal name Hitler, Adolf,
Dates associated with a name 1889-1945
General subdivision Friends and associates.
9 (RLIN) 51992
600 14 - SUBJECT ADDED ENTRY--PERSONAL NAME
Personal name Hitler, Adolf,
Dates associated with a name 1889-1945.
9 (RLIN) 21935
600 17 - SUBJECT ADDED ENTRY--PERSONAL NAME
Personal name Hitler, Adolf,
Dates associated with a name 1889-1945.
9 (RLIN) 21935
600 17 - SUBJECT ADDED ENTRY--PERSONAL NAME
Personal name Hitler, Adolf,
Dates associated with a name 1889-1945.
Source of heading or term fast
9 (RLIN) 21935
600 17 - SUBJECT ADDED ENTRY--PERSONAL NAME
Personal name Hitler, Adolf
Dates associated with a name 1889-1945
Source of heading or term gnd
9 (RLIN) 21935
600 07 - SUBJECT ADDED ENTRY--PERSONAL NAME
Personal name Karl Eduard
Titles and other words associated with a name Sachsen-Coburg-Gotha, Herzog
Dates associated with a name 1884-1954
Source of heading or term gnd
9 (RLIN) 51993
611 27 - SUBJECT ADDED ENTRY--MEETING NAME
Meeting name or jurisdiction name as entry element World War (1939-1945.)
9 (RLIN) 51940
611 27 - SUBJECT ADDED ENTRY--MEETING NAME
Meeting name or jurisdiction name as entry element World War (1939-1945)
Source of heading or term fast
9 (RLIN) 51940
648 #7 - SUBJECT ADDED ENTRY--CHRONOLOGICAL TERM
Chronological term 1900 - 1999.
9 (RLIN) 42650
648 #7 - SUBJECT ADDED ENTRY--CHRONOLOGICAL TERM
Chronological term 1933-1945
Source of heading or term fast
9 (RLIN) 51994
650 #0 - SUBJECT ADDED ENTRY--TOPICAL TERM
Topical term or geographic name as entry element Track two diplomacy
Geographic subdivision Germany
General subdivision History.
9 (RLIN) 51995
650 #0 - SUBJECT ADDED ENTRY--TOPICAL TERM
Topical term or geographic name as entry element World War, 1939-1945
General subdivision Diplomatic history.
9 (RLIN) 51996
650 #0 - SUBJECT ADDED ENTRY--TOPICAL TERM
Topical term or geographic name as entry element Diplomatic negotiations in international disputes.
9 (RLIN) 51997
650 #0 - SUBJECT ADDED ENTRY--TOPICAL TERM
Topical term or geographic name as entry element Aristocracy (Social class)
Geographic subdivision Germany.
9 (RLIN) 51998
650 #7 - SUBJECT ADDED ENTRY--TOPICAL TERM
Topical term or geographic name as entry element Nobility
General subdivision Political activity.
9 (RLIN) 51999
650 #7 - SUBJECT ADDED ENTRY--TOPICAL TERM
Topical term or geographic name as entry element Diplomatic history.
9 (RLIN) 52000
650 #7 - SUBJECT ADDED ENTRY--TOPICAL TERM
Topical term or geographic name as entry element Politics and government.
9 (RLIN) 31317
650 #7 - SUBJECT ADDED ENTRY--TOPICAL TERM
Topical term or geographic name as entry element Diplomatic relations.
9 (RLIN) 52001
650 #7 - SUBJECT ADDED ENTRY--TOPICAL TERM
Topical term or geographic name as entry element Friendship.
9 (RLIN) 29591
650 #7 - SUBJECT ADDED ENTRY--TOPICAL TERM
Topical term or geographic name as entry element Aristocracy (Social class)
Source of heading or term fast
9 (RLIN) 52002
650 #7 - SUBJECT ADDED ENTRY--TOPICAL TERM
Topical term or geographic name as entry element Diplomacy.
Source of heading or term fast
9 (RLIN) 52003
650 #7 - SUBJECT ADDED ENTRY--TOPICAL TERM
Topical term or geographic name as entry element Diplomatic history.
Source of heading or term fast
9 (RLIN) 52000
650 #7 - SUBJECT ADDED ENTRY--TOPICAL TERM
Topical term or geographic name as entry element Diplomatic negotiations in international disputes.
Source of heading or term fast
9 (RLIN) 51997
650 #7 - SUBJECT ADDED ENTRY--TOPICAL TERM
Topical term or geographic name as entry element Friendship.
Source of heading or term fast
9 (RLIN) 29591
650 #7 - SUBJECT ADDED ENTRY--TOPICAL TERM
Topical term or geographic name as entry element Aussenpolitik
Source of heading or term gnd
9 (RLIN) 52004
650 #7 - SUBJECT ADDED ENTRY--TOPICAL TERM
Topical term or geographic name as entry element Hochadel
Source of heading or term gnd
9 (RLIN) 52005
650 #7 - SUBJECT ADDED ENTRY--TOPICAL TERM
Topical term or geographic name as entry element Vermittlung
Source of heading or term gnd
9 (RLIN) 52006
650 #7 - SUBJECT ADDED ENTRY--TOPICAL TERM
Topical term or geographic name as entry element Andra världskriget 1939-1945.
Source of heading or term sao
9 (RLIN) 52007
650 #7 - SUBJECT ADDED ENTRY--TOPICAL TERM
Topical term or geographic name as entry element Diplomatiska förbindelser.
Source of heading or term sao
9 (RLIN) 52008
650 #7 - SUBJECT ADDED ENTRY--TOPICAL TERM
Topical term or geographic name as entry element Internationella relationer.
Source of heading or term sao
9 (RLIN) 52009
650 #7 - SUBJECT ADDED ENTRY--TOPICAL TERM
Topical term or geographic name as entry element Vänskap.
Source of heading or term sao
9 (RLIN) 52010
650 #7 - SUBJECT ADDED ENTRY--TOPICAL TERM
Topical term or geographic name as entry element Adel.
Source of heading or term sao
9 (RLIN) 52011
651 #0 - SUBJECT ADDED ENTRY--GEOGRAPHIC NAME
Geographic name Germany
General subdivision History
Chronological subdivision 1933-1945.
9 (RLIN) 14974
651 #4 - SUBJECT ADDED ENTRY--GEOGRAPHIC NAME
Geographic name Tyskland.
9 (RLIN) 52012
651 #4 - SUBJECT ADDED ENTRY--GEOGRAPHIC NAME
Geographic name Storbritannien.
9 (RLIN) 52013
651 #4 - SUBJECT ADDED ENTRY--GEOGRAPHIC NAME
Geographic name Europa.
9 (RLIN) 52014
651 #7 - SUBJECT ADDED ENTRY--GEOGRAPHIC NAME
Geographic name Europe.
9 (RLIN) 21812
651 #7 - SUBJECT ADDED ENTRY--GEOGRAPHIC NAME
Geographic name Germany.
9 (RLIN) 52015
651 #7 - SUBJECT ADDED ENTRY--GEOGRAPHIC NAME
Geographic name Great Britain.
9 (RLIN) 51945
651 #7 - SUBJECT ADDED ENTRY--GEOGRAPHIC NAME
Geographic name Germany.
Source of heading or term fast
9 (RLIN) 52015
651 #7 - SUBJECT ADDED ENTRY--GEOGRAPHIC NAME
Geographic name Deutschland
Source of heading or term gnd
9 (RLIN) 52016
655 #7 - INDEX TERM--GENRE/FORM
Genre/form data or focus term History.
9 (RLIN) 12337
655 #7 - INDEX TERM--GENRE/FORM
Genre/form data or focus term History.
Source of term fast
9 (RLIN) 12337
856 42 - ELECTRONIC LOCATION AND ACCESS
Uniform Resource Identifier <a href="http://scans.hebis.de/35/94/05/35940540_toc.pdf">http://scans.hebis.de/35/94/05/35940540_toc.pdf</a>
Public note Table of contents from HeBIS-Verbundkatalog
906 ## - LOCAL DATA ELEMENT F, LDF (RLIN)
a 7
b cbc
c copycat
d 2
e ncip
f 20
g y-gencatlg
942 ## - ADDED ENTRY ELEMENTS (KOHA)
Source of classification or shelving scheme Library of Congress Classification
Koha item type Monograph ( Printed materials)
Holdings
Withdrawn status Lost status Source of classification or shelving scheme Damaged status Not for loan Home library Current library Shelving location Date acquired Total Checkouts Full call number Barcode Date last seen Price effective from Koha item type
    Library of Congress Classification     ARRUPE LIBRARY ARRUPE LIBRARY Main Collection 28/11/2022   D748 .U73 2015 46700000091 28/11/2022 28/11/2022 Monograph ( Printed materials)

 

Arrupe Library. PO Box MP320 Mt Pleasant, Harare, Zimbabwe
263 242 745411|librarian@aju.ac.zw